Genitourinary Radiology: Kidney, Bladder and Urethra The Pathologic Basis /

Genitourinary Radiology: Kidney, Bladder and Urethra: The Pathologic Basis provides a lavishly illustrated guide to the radiologic and pathologic features of a broad spectrum of genitourinary diseases of the urinary tract, including the entities most commonly  encountered in day to day practice. The...

Πλήρης περιγραφή

Λεπτομέρειες βιβλιογραφικής εγγραφής
Συγγραφή απο Οργανισμό/Αρχή: SpringerLink (Online service)
Άλλοι συγγραφείς: Dogra, Vikram S. (Επιμελητής έκδοσης), MacLennan, Gregory T. (Επιμελητής έκδοσης)
Μορφή: Ηλεκτρονική πηγή Ηλ. βιβλίο
Γλώσσα:English
Έκδοση: London : Springer London : Imprint: Springer, 2013.
Θέματα:
Διαθέσιμο Online:Full Text via HEAL-Link
LEADER 03267nam a22004935i 4500
001 978-1-84800-245-6
003 DE-He213
005 20151204173152.0
007 cr nn 008mamaa
008 121116s2013 xxk| s |||| 0|eng d
020 |a 9781848002456  |9 978-1-84800-245-6 
024 7 |a 10.1007/978-1-84800-245-6  |2 doi 
040 |d GrThAP 
050 4 |a R895-920 
072 7 |a MMPH  |2 bicssc 
072 7 |a MMP  |2 bicssc 
072 7 |a MED008000  |2 bisacsh 
082 0 4 |a 616.0757  |2 23 
245 1 0 |a Genitourinary Radiology: Kidney, Bladder and Urethra  |h [electronic resource] :  |b The Pathologic Basis /  |c edited by Vikram S. Dogra, Gregory T. MacLennan. 
264 1 |a London :  |b Springer London :  |b Imprint: Springer,  |c 2013. 
300 |a XIV, 378 p. 529 illus., 244 illus. in color.  |b online resource. 
336 |a text  |b txt  |2 rdacontent 
337 |a computer  |b c  |2 rdamedia 
338 |a online resource  |b cr  |2 rdacarrier 
347 |a text file  |b PDF  |2 rda 
520 |a Genitourinary Radiology: Kidney, Bladder and Urethra: The Pathologic Basis provides a lavishly illustrated guide to the radiologic and pathologic features of a broad spectrum of genitourinary diseases of the urinary tract, including the entities most commonly  encountered in day to day practice. The editors are authorities in the fields of  genitourinary radiology and pathology, and the authors of each chapter are renowned radiologists. The pathology content of the chapters has been provided by an internationally recognized genitourinary pathologist.   Genitourinary Radiology: Kidney, Bladder and Urethra: The Pathologic Basis covers  inflammatory conditions, vascular disorders and cystic disease of the kidney; neoplasms of the kidney, renal pelvis, bladder and urethra; non-neoplastic disorders of the renal pelvis, bladder and urethra; kidney and bladder trauma; calculus disease; and medical renal disease. General, plain film, intravenous pyelography, ultrasound, computed tomography, magnetic resonance imaging, nuclear medicine imaging and PET imaging of each disease entity are included. Accompanying the majority of the radiological narratives are complementary descriptions of the gross and microscopic features of the disease entities.    Genitourinary Radiology: Kidney, Bladder and Urethra: The Pathologic Basis is aimed at radiologists in private and academic practice, radiology residents, urologists, urology trainees, pathology trainees and fellows specializing in genitourinary pathology. Both experts and beginners can use this excellent reference book to enhance their skills in the fields of genitourinary radiology and pathology. 
650 0 |a Medicine. 
650 0 |a Radiology. 
650 0 |a Oncology. 
650 0 |a Pathology. 
650 0 |a Urology. 
650 1 4 |a Medicine & Public Health. 
650 2 4 |a Imaging / Radiology. 
650 2 4 |a Pathology. 
650 2 4 |a Urology. 
650 2 4 |a Oncology. 
700 1 |a Dogra, Vikram S.  |e editor. 
700 1 |a MacLennan, Gregory T.  |e editor. 
710 2 |a SpringerLink (Online service) 
773 0 |t Springer eBooks 
776 0 8 |i Printed edition:  |z 9781848002449 
856 4 0 |u http://dx.doi.org/10.1007/978-1-84800-245-6  |z Full Text via HEAL-Link 
912 |a ZDB-2-SME 
950 |a Medicine (Springer-11650)